Las limitaciones al crecimiento poblacional y espacial establecidas por la normativa territorial y urbanística (Registro nro. 161857)
[ vista simple ]
| 000 -LEADER | |
|---|---|
| fixed length control field | 01559nam a2200337 c 4500 |
| 007 - PHYSICAL DESCRIPTION FIXED FIELD--GENERAL INFORMATION | |
| fixed length control field | cr|||| |||| |
| 008 - FIXED-LENGTH DATA ELEMENTS--GENERAL INFORMATION | |
| fixed length control field | 111014s2011 sp bd | ||||o000 0 spa c |
| 020 ## - INTERNATIONAL STANDARD BOOK NUMBER | |
| International Standard Book Number | 9788473514095 |
| 035 ## - | |
| -- | 6619 |
| 040 ## - CATALOGING SOURCE | |
| Modifying agency | vLex |
| 043 ## - | |
| -- | e-sp--- |
| 090 ## - | |
| -- | 3467 |
| -- | 3467 |
| 100 1# - MAIN ENTRY--PERSONAL NAME | |
| Personal name | Salom Parets, Aina |
| 245 14 - TITLE STATEMENT | |
| Title | Las limitaciones al crecimiento poblacional y espacial establecidas por la normativa territorial y urbanística |
| Medium | [Recurso electrónico] / |
| Statement of responsibility, etc | Aina Salom Parets |
| 256 ## - | |
| -- | Servicio en línea |
| 260 ## - PUBLICATION, DISTRIBUTION, ETC. (IMPRINT) | |
| Place of publication, distribution, etc | Madrid : |
| Name of publisher, distributor, etc | Instituto Nacional de Administración Pública, |
| Date of publication, distribution, etc | 2011 |
| 300 ## - PHYSICAL DESCRIPTION | |
| Extent | 1 recurso electrónico |
| 490 0# - SERIES STATEMENT | |
| Series statement | Monografías / INAP |
| 504 ## - BIBLIOGRAPHY, ETC. NOTE | |
| Bibliography, etc | Bibliografía |
| 506 1# - RESTRICTIONS ON ACCESS NOTE | |
| Terms governing access | Contenido solo disponible en los productos indicados |
| Authorized users | vLex Global |
| -- | vLex Global (Academic Edition, excluding Law Schools) |
| -- | vLex Global (U.S. Academic Edition, Law Schools) |
| -- | vLex Global (U.S. Academic Edition, excluding Law Schools) |
| -- | vLex Global (Academic Edition, Law Schools) |
| 650 04 - SUBJECT ADDED ENTRY--TOPICAL TERM | |
| Topical term or geographic name as entry element | Derecho ambiental |
| Geographic subdivision | España |
| 650 04 - SUBJECT ADDED ENTRY--TOPICAL TERM | |
| Topical term or geographic name as entry element | Derecho urbanístico |
| Geographic subdivision | España |
| 650 04 - SUBJECT ADDED ENTRY--TOPICAL TERM | |
| Topical term or geographic name as entry element | Urbanismo |
| Geographic subdivision | España |
| 650 04 - SUBJECT ADDED ENTRY--TOPICAL TERM | |
| Topical term or geographic name as entry element | Desarrollo urbano |
| Geographic subdivision | España |
| 710 2# - ADDED ENTRY--CORPORATE NAME | |
| Corporate name or jurisdiction name as entry element | Instituto Nacional de Administración Pública (España) |
| 740 0# - | |
| -- | vLex Libros (Servicio en línea) |
| 830 #0 - | |
| -- | Monografías (Instituto Nacional de Administración Pública (España)) |
| 856 40 - LOCALIZACIÓN Y ACCESO ELECTRÓNICO | |
| Identificador Uniforme del Recurso (URI/URL) | https://app.vlex.com/#/sources/limitaciones-crecimiento-poblacional-espacial-establecidas-normativa-territorial-urbanistica-6619 |
| 942 ## - | |
| -- | RAA |
| 999 ## - | |
| -- | 161857 |
| -- | 161857 |
No hay ítems disponibles.